| Tag |
First Indicator |
Second Indicator |
Subfields |
| LEADER |
00000cam a2200000 4500 |
| 001 |
in00000662921 |
| 005 |
20151015092402.0 |
| 008 |
801016r18641864miuc a 00010beng d |
| 035 |
|
|
|a (OCoLC)06830499
|
| 035 |
|
|
|9 ACY6714AM
|
| 040 |
|
|
|a EEU
|c TXA
|d UtOrBLW
|
| 049 |
|
|
|a TXAI
|
| 090 |
|
|
|a E302.6.L68
|b H92
|
| 099 |
|
|
|a film
|a B
|a 1512
|a reel
|a 345.3
|
| 100 |
1 |
|
|a Hunt, Charles Havens.
|
| 245 |
1 |
0 |
|a Life of Edward Livingston /
|c By Charles Havens Hunt. With an introduction by George Bancroft.
|
| 264 |
|
1 |
|a New York :
|b Appleton,
|c 1864.
|
| 300 |
|
|
|a xxiv, 448 pages including frontispiece :
|b portrait ;
|c 23 cm.
|
| 336 |
|
|
|a text
|b txt
|2 rdacontent
|
| 337 |
|
|
|a microform
|b h
|2 rdamedia
|
| 338 |
|
|
|a microfilm reel
|b hd
|2 rdacarrier
|
| 500 |
|
|
|a Microfilm. Ann Arbor, Mich., University Microfilms [n.d.] (American culture series, Reel 345.3)
|
| 500 |
|
|
|a Microform.
|
| 600 |
1 |
0 |
|a Livingston, Edward,
|d 1764-1836.
|
| 700 |
1 |
|
|a Bancroft, George,
|d 1800-1891.
|
| 999 |
|
|
|a MARS
|
| 999 |
f |
f |
|s 99ffb0ce-22b3-3a96-a3c6-e3e42ffc71d9
|i e7136aca-3896-3100-9acc-27dbe1f96985
|t 0
|
| 952 |
f |
f |
|p default
|a Texas A&M University
|b College Station
|c Sterling C. Evans Library
|d Evans: Microforms (3rd floor)
|t 0
|e film B 1512 reel 345.3
|h Other scheme
|i microform -- microfilm reel
|
| 998 |
f |
f |
|a film B 1512 reel 345.3
|t 0
|l Evans: Microforms (3rd floor)
|